Прагматичні особливості концепту кохання у творі англійського письменника Хола Кейна (Запис № 284161)
[ простий вигляд ]
| 000 -LEADER | |
|---|---|
| fixed length control field | 01305nam a22001577a 4500 |
| 041 ## - LANGUAGE CODE | |
| Language code of text/sound track or separate title | ukr |
| 080 ## - UNIVERSAL DECIMAL CLASSIFICATION NUMBER | |
| Universal Decimal Classification number | 09 |
| 090 ## - LOCALLY ASSIGNED LC-TYPE CALL NUMBER (OCLC); LOCAL CALL NUMBER (OCLC) | |
| Local cutter number (OCLC) ; Book number/undivided call number, CALL (RLIN) | ХАЛ |
| 100 ## - MAIN ENTRY--PERSONAL NAME | |
| Personal name | Халанчук Т.П. |
| 245 ## - TITLE STATEMENT | |
| Title | Прагматичні особливості концепту кохання у творі англійського письменника Хола Кейна |
| 260 ## - PUBLICATION, DISTRIBUTION, ETC. (IMPRINT) | |
| Place of publication, distribution, etc | Острог |
| Name of publisher, distributor, etc | КАФ |
| Date of publication, distribution, etc | 2009 |
| 300 ## - PHYSICAL DESCRIPTION | |
| Extent | 46 |
| 520 ## - SUMMARY, ETC. | |
| Summary, etc | ВСТУП<br/>РОЗДІЛ 1 СУЧАСНІ ПІДХОДИ ДО ВИВЧЕННЯ ПРАГМАТИКИ КОХАННЯ<br/>1.1 Прагматика та мовленнєві акти як феномен спілкування.<br/>1.2 Сучасні підходи до вивчення концепту.<br/>1.3 Дискурс, як елемент спілкування закоханих.<br/>РОЗДІЛ 2 ПОНЯТТЯ КОНЦЕПТУ ЛЮБОВІ У ТВОРІ ХОЛА КЕЙНА<br/>2.1 Мовленнєві акти що використовуються для вираження концепту любові.<br/>2.2 Лексико-стилістичні прийоми вираження концепту любові у художньому тексті.<br/>ВИСНОВКИ |
| -- | прагматика кохання, концепт любові,Хол Кейн |
| 650 ## - SUBJECT ADDED ENTRY--TOPICAL TERM | |
| Topical term or geographic name as entry element | Research Papers |
| 942 ## - ADDED ENTRY ELEMENTS (KOHA) | |
| Koha item type | Книги |
| Withdrawn status | Lost status | Source of classification or shelving scheme | Damaged status | Not for loan | Home library | Current library | Date acquired | Source of acquisition | Cost, normal purchase price | Total Checkouts | Full call number | Barcode | Date last seen | Price effective from | Koha item type |
|---|---|---|---|---|---|---|---|---|---|---|---|---|---|---|---|
| Universal Decimal Classification | ВІЛ - Відділ іноземн. літератури НБ | ВІЛ - Відділ іноземн. літератури НБ | 16/04/2009 | Акт №1 | 1.00 | 09 | 213425 | 15/12/2021 | 16/04/2009 | Книги |